000 01186cam a2200325 a 4500
999 _c128083
_d128083
001 2995381
003 ARRUPE
005 20180904113152.0
008 930317s1993 nyu b 001 0 eng
010 _a 93007667
020 _a0415903661 (PB : alk. paper)
020 _a0415903653 (CL)
040 _aDLC
_cDLC
_dDLC
050 0 0 _aHQ1190
_b.B88 1993
082 0 0 _a306.701
_222
100 1 _aButler, Judith,
_d1956-
_941329
245 1 0 _aBodies that matter :
_bon the discursive limits of "sex" /
_cJudith Butler.
260 _aNew York :
_bRoutledge,
_c1993.
300 _axii, 288 p. ;
_c23 cm.
504 _aIncludes bibliographical references (p. [243]-284) and index.
650 0 _aFeminist theory.
_941930
650 0 _aSex role
_xPhilosophy.
_941931
650 0 _aSex differences (Psychology)
_941932
650 0 _aSexual orientation
_xPhilosophy.
_941933
650 0 _aIdentity (Psychology)
_941934
650 0 _aFemininity.
_941935
906 _a7
_bcbc
_corignew
_d1
_eocip
_f19
_gy-gencatlg
942 _2lcc
_cMONOGRAPH